000 00342 a2200145 4500
001 152128
040 _cEscola São Tomás de Aquino
100 _aBERNARDINO, Adriana
240 1 0 _aO sonho de Ícaro
_lpor
245 1 0 _aO sonho de Ícaro
362 0 _a1997
440 1 _aFTD
697 _aFolclore / Adivinhações / Lendas
942 _cBK
999 _c152128
_d152128